Normal view
MARC view
Entry Nombre personal
001 - NÚMERO DE CONTROL
- campo de control: 16869
003 - IDENTIFICADOR DEL NÚMERO DE CONTROL
- campo de control: BNPHU
005 - FECHA Y HORA DE LA ÚLTIMA TRANSACCIÓN
- campo de control: 20250120101040.0
008 - DATOS DE LONGITUD FIJA
- campo de control de longitud fija: 200615|| aca||aabn | a|a d
010 ## - NÚMERO DE CONTROL DE LA BIBLIOTECA DEL CONGRESO
- Número de control de LC: nr2002026267
040 ## - FUENTE DE LA CATALOGACIÓN
- Centro catalogador/agencia de origen: DO-SdBNP
- Lengua de catalogación: spa
- Centro/agencia transcriptor: BNPHU
- Normas de descripción: rda
100 1# - ENCABEZAMIENTO-NOMBRE DE PERSONA
- Nombre de persona: Espaillat, Teresa,
- Fechas asociadas al nombre: 1943-
370 ## - LUGAR ASOCIADO
- Lugar de nacimiento: Santo Domingo, República Dominicana
372 ## - CAMPO DE ACTIVIDAD
- Campo de actividad: A partir de 1959 participó en actividades antritrujillistas.
- Campo de actividad: Fue militante de la Agrupación política 14 de junio desde su aparición pública en 1961 hasta 1969.
- Campo de actividad: Participó como activista y dirigente de la Federación de Mujeres Dominicanas (FMD)
- Campo de actividad: En 1963 viajó a Cuba como parte de la delegación dominicana que asistió a la celebración del décimo aniversario del asalto al Cuartel Moncada
- Campo de actividad: Participó activamente en la Guerra de Abril
- Campo de actividad: Formó parte del grupo de mujeres instructoras de la Academia Militar 24 de Abril, creada por el 14 de junio.
- Campo de actividad: Es activista de la Fundación Manolo Tavárez, dedicada a recordar la memoria de ese líder y de su generación política, de la que forma parte.
- Campo de actividad: Estudió Orientación Escolar en la USAD; y en Guatemala, México y España se especializó en Sexualidad Huana y Formación del Profesorado. Es profesora de la USAD y de otras instituciones académicas
374 ## - OCUPACIÓN
- Ocupación: Educadora
- Ocupación: Excombatiente y dirigente de las luchas de abril del 1965 de República Dominicana,
375 ## - GÉNERO/SEXO
- Género/Sexo: Femenino
377 ## - LENGUA/LENGUAJE ASOCIADO
- Código del idioma: spa
400 1# - TRAZADO DE VÉASE--NOMBRE DE PERSONA
- Nombre de persona: Teresa Espaillat
670 ## - FUENTE DE DATOS ENCONTRADOS
- Cita de la fuente: Work cat.: (OSt)5781: Espaillat, Teresa, 1943-, Abril en mis recuerdos :, 2002.
